Rovnoprávnosť a bezpečnosť Čo chce Asociácia slovenských vojakov?

Bibliographic Details
Main Author: Socha, Peter Rastislav (Author)
Format: Article
Language:Slovak
Subjects:

MARC

LEADER 00000nab a2200000 a 4500
001 vtls000406340
003 SK-MaSNL
005 20260302232108.0
008 120924c1991 xo 0 slo
015 |a SNBRB19rr/mm-uuuuu 
035 |a CL0406464 
040 |a SNKBUCL  |b slo  |c SNKBUCL  |e AACR2 
041 0 |a slo 
044 |a xo  |c SK 
080 |a 355/359(437.6):061.25  |2 1981 
080 |a 061.25  |2 1981 
100 1 |a Socha, Peter Rastislav  |4 aut  |9 889524 
245 1 0 |a Rovnoprávnosť a bezpečnosť  |b Čo chce Asociácia slovenských vojakov?  |c Peter Rastislav Socha 
650 0 7 |a Asociácia slovenských vojakov  |2 snkbucl  |9 963780 
655 7 |a články z novín a časopisov  |2 snkbucl  |9 267496 
773 0 |t Pravda na nedeľu  |g Roč. 72, č. 33 (8. 2. 1991), s. 2 
850 |a Slovenská národná knižnica v Martine  |a MTA001 
852 |a SNK  |b KIS3GCP 
958 |a RK 
992 |a RBX 
999 |c 1541443  |d 1543373